02263agaaa2200313 45000010005000000030009000050050017000140070009000310080040000400400023000800410013001031000055001161300035001712450120002062500022003262600111003483000022004595080112004815200774005935380016013675460013013836500067013967000071014637000067015347000076016019420012016779990019016899520241017088857IT-RoPAU20220918181256.0d cvaizq50131s9999||||xx ||| | || ||und|| aIT-RoPAUcIT-RoPAU aITALIANO aMoraca StefanogCodice regista SPICS: 59520951563 aCHI E' IL MIO PROSSIMO?951564 aCHI E' IL MIO PROSSIMO?cDiretto da: Moraca StefanopCHI E' IL MIO PROSSIMO? (Rif. Codice opera principale : H8857) aEdizione Standard aMILANO (ITALIA)bJM / Distribuzione: MULTIMEDIA SAN PAOLOg"2009 (1° ed.: 2009 ; Ed. Lingua Orig.: 2009)" aDVDbsonoro, col. a"Fotografia: Fronterre' Davide; Montaggio: Moraca Stefano; Soggetto: Cacciari Massimo -- Ravasi Gianfranco" a"CONVEGNO DEL 15 NOVEMBRE 2008, MILANO - ASSOLOMBARDA ORGANIZZATO DALL'A.M.C.I. (ASSOCIAZIONE MEDICI CATTOLICI ITALIANI SEZIONE S. GIANNA BERETTA MOLLA) MILANO. CHI E' IL MIO PROSSIMO? DI MASSIMO CACCIARI. NON SETTE VOLTE MA SETTANTA VOLTE SETTE I NUMERI DELL'AMORE PER IL PROSSIMO DI GIANFRANCO RAVASI. NEL CONTESTO DEL RACCONTO PARABOLICO, LO SCRIBA RIVOLGE A GESU' IL QUESITO OGGETTIVO SU CHI SIA IL PROSSIMO; GESU', INVECE, ALLA FINE RILANCIA LA DOMANDA MODIFICANDOLA IN SENSO SOGGETTIVO E DINAMICO: CHI HA AGITO DA PROSSIMO?. PIU' CHE DEFINIRE LA CATEGORIA ESTERNA PROSSIMO, E' NECESSARIO FARSI,ESSERE PROSSIMO DELL'ALTRO IN SENSO EFFICACE; PIU' CHE UNA RICERCA SUL PROSSIMO, LA NOSTRA DEVE ESSERE UN'AZIONE DA PROSSIMO, CON UNA RICERCA DEL PROSSIMO PER AIUTARLO." aPAL, STEREO aITALIANO aDOCUMENTAIOeDVD-VARI [DVD]xCodice MATERIA SPICS: 9946951565 aCacciari Massimo e(soggetto)gCodice Soggetto SPICS: 12135951566 aMoraca Stefano e(regista)gCodice regista SPICS: 59520951567 aRavasi Gianfranco e(soggetto)gCodice Soggetto 2° SPICS: 25380951568 cDV2ddc c107310d107310 0010406H_8857_00000000000000071aSPICSbSPICSd2015-01-31l0oH8857r2015-01-31 00:00:00w2015-01-31yDVzProgr. Ins.: 3805 / N.Vol.:1 / Copie: 1 / Pag.:0 / Copia rara: n.d. / date import: 1.2.2015 / By Epidotti, Trombetti, Vaglietti